000 01459nam a22003857a 4500
003 CHAP
005 20251002103646.0
008 971013s1980 r 00010 d
010 _a54918
011 _a55890
035 _a60043
040 _cCHAP
090 _aTesis
100 0 0 _aSantos Clynes, Ricardo.
_9102460
245 _aEfectos de la fertilización con nitrógeno y fósforo sobre la producción forrajera de los pastos pangola (Digitaria decumbens Stant) y estrella de africa (Cynodon plectostachyus Pilger) en los trópicos
260 _a(Monterrey N.L.) :
_bEl autor,
_c1980
300 _a72 h.
502 _aTesis (Ing. Agr. Zootecnista) -- ITESM. Div. de Ciencias Agropecuarias y Marítimas
590 _aALEPH
_b10
_c20130110
_lUCH01
_h1332
590 _aBATCH-UPD
_b10
_c20130110
_lUCH01
_h0526
590 _aBATCH-UPD
_b10
_c20130110
_lUCH01
_h2249
590 _aBATCH-UPD
_b10
_c20130410
_lUCH01
_h0205
590 _aBATCH-UPD
_b10
_c20130914
_lUCH01
_h1134
590 _aCONVERSION
_b10
_c20130109
_lUCH01
_h1330
650 1 7 _aCynodon nlemfuensis
_2
_930799
650 1 7 _aDigitaria decumbens
_2
_932575
650 1 4 _aFertilizantes
_xEfecto en pastos.
_940536
650 1 4 _aFósforo
_xEfecto en pastos.
_942248
650 1 4 _aNitrógeno
_xEfecto en pastos.
_981455
650 1 7 _aPastos forrajeros
_xRendimiento
_2
_986118
650 1 4 _aPastos
_xTrópicos.
_986085
901 _aBK
942 _cTESIS
949 _bBC
_cTES
_d-129585
_eTS1
_i60043
_si
999 _c54918
_d54918